| 000 | 01566cam a2200373 a 4500 | ||
|---|---|---|---|
| 001 | EDZ0000063586 | ||
| 003 | StDuBDS | ||
| 005 | 20161031105132.0 | ||
| 006 | m||||||||d|||||||| | ||
| 007 | cr ||||||||||| | ||
| 008 | 120315s2003 cau fo| 001|0|eng|d | ||
| 020 |
_a9781452229645 (ebook) : _cNo price |
||
| 040 |
_aStDuBDS _beng _cStDuBDS _epn |
||
| 049 | _aAlfaisal Main Library | ||
| 050 | 0 |
_aHQ755.85 _b.H355 2003 |
|
| 082 | 0 | 4 |
_a306.874 _223 |
| 245 | 0 | 0 |
_aHandbook of dynamics in parent-child relations _h[electronic resource] / _cLeon Kuczynski, editor. |
| 260 |
_aThousand Oaks, Calif. ; _aLondon : _bSAGE, _cc2003. |
||
| 300 | _a1 online resource (xv, 488 p.) | ||
| 520 | 8 | _aThis handbook provides an interdisciplinary perspective on theory, research and methodology on dynamic processes in parent-child relations. It focuses on cognitive, behavioural and relational processes that govern immediate parent-child interactions and long-term relationships. | |
| 521 | _aSpecialized. | ||
| 588 | _aDescription based on print version record. | ||
| 504 | _aIncludes bibliographical references and index. | ||
| 650 | 0 | _aParent and child. | |
| 650 | 0 | _aParenting. | |
| 650 | 0 | _aChild rearing. | |
| 650 | 0 |
_aChildren _xFamily relationships. |
|
| 655 | 7 |
_aElectronic books. _2local |
|
| 700 | 1 |
_aKuczynski, Leon, _d1950- |
|
| 710 | 2 | _aSage eBooks | |
| 776 | 0 | 8 |
_iPrint version : _z9780761923640 |
| 856 | 4 | 0 | _uhttp://ezproxy.alfaisal.edu/login?url=http://sk.sagepub.com/reference/handbook-of-dynamics-in-parent-child-relations |
| 942 |
_2lcc _cEBOOKS |
||
| 999 |
_c480058 _d480058 |
||